| 000 | 00000nam##2200000za#4500 |
| 001 | 9.616660 |
| 003 | CaOODSP |
| 005 | 20211126112847 |
| 007 | ta |
| 008 | 150406|2003||||xxc||||| f|0| 0 eng|d |
| 022 | |a1192-5434 |
| 040 | |aCaOODSP|beng |
| 043 | |an-cn--- |
| 086 | 1 |aFB3-2/103-39E |
| 110 | 2 |aBank of Canada. |
| 245 | 10|aAlternative targeting regimes, transmission lags, and the exchange rate channel / |cby Jean-Paul Lam. |
| 260 | |bBank of Canada |c2003. |
| 300 | |av, 28p. : |btables ; |c28 cm. |
| 490 | 1 |aWorking paper|x1192-5434|v2003-39 |
| 504 | |aBibliography. |
| 520 | 3 |aThis working paper is part of a series that examines a range of economic and financial issues of interest to bankers, economists and policymakers. |
| 546 | |a(Résumés en français.) |
| 563 | |aSoftcover |
| 590 | |a03-51|b2003-12-24 |
| 690 | 07|aExchange rates|2gcpds |
| 690 | 07|aMonetary policy|2gcpds |
| 720 | 1 |aLam, Jean-Paul |
| 776 | 0#|tAlternative targeting regimes, transmission lags, and the exchange rate channel / |w(CaOODSP)9.580608 |
| 830 | #0|aWorking paper,|x1192-5434|v2003-39|w(CaOODSP)9.514622 |